Artificial intelligence
में बचाया:
| मुख्य लेखक: | |
|---|---|
| स्वरूप: | पुस्तक |
| भाषा: | Undetermined |
| प्रकाशित: |
London
Addison - Wesley
1977
|
| विषय: | |
| टैग : |
टैग जोड़ें
कोई टैग नहीं, इस रिकॉर्ड को टैग करने वाले पहले व्यक्ति बनें!
|
| Thư viện lưu trữ: | Trung tâm Học liệu Trường Đại học Cần Thơ |
|---|
| LEADER | 00482nam a2200181Ia 4500 | ||
|---|---|---|---|
| 001 | CTU_97869 | ||
| 008 | 210402s9999 xx 000 0 und d | ||
| 082 | |a 006.3 | ||
| 082 | |b W783 | ||
| 100 | |a Winston, Patrick Henry | ||
| 245 | 0 | |a Artificial intelligence | |
| 245 | 0 | |c Patrick Henry Winston | |
| 260 | |a London | ||
| 260 | |b Addison - Wesley | ||
| 260 | |c 1977 | ||
| 650 | |a Artificial intelligence | ||
| 904 | |i Truc | ||
| 980 | |a Trung tâm Học liệu Trường Đại học Cần Thơ | ||